Poznatky z francúzskeho ovocinárstva

Bibliographic Details
Main Authors: Sedláková, E. (Author), Benediková, Daniela (Author)
Format: Article
Language:Slovak
Subjects:

MARC

LEADER 00000nab a2200000 a 4500
001 vtls000501190
003 SK-MaSNL
005 20260304041306.0
008 120927c1993 xo 0 slo
015 |a SNBRB19rr/mm-uuuuu 
035 |a CL0501328 
040 |a SNKBUCL  |b slo  |c SNKBUCL  |e AACR2 
041 0 |a slo 
044 |a xo  |c SK 
080 |a 634(44)  |2 1981 
100 1 |a Sedláková, E.  |4 aut  |9 813456 
245 1 0 |a Poznatky z francúzskeho ovocinárstva  |c E. Sedláková, D. Benediková 
300 |b Fotogr. 3 
650 0 7 |a ovocinárstvo  |2 snkbucl  |9 16370 
651 7 |a Francúzsko  |2 snkbucl  |9 15907 
655 7 |a články z novín a časopisov  |2 snkbucl  |9 267496 
700 1 |a Benediková, Daniela  |4 aut  |9 8635 
773 0 |t Záhradkár  |g Roč. 29, č. 11 (1993), s. 25  |x 0862-5565 
850 |a Slovenská národná knižnica v Martine  |a MTA001 
852 |a SNK  |b KIS3GCP 
958 |a RK 
992 |a RBX 
999 |c 2667607  |d 2669537